Csapattiszti továbbképzés

Elmentve itt :
Bibliográfiai részletek
Szerző: Király Béla
Dokumentumtípus: Cikk
Megjelent: 1947
Sorozat:Honvéd : katonai folyóirat 2 No. 2
Kulcsszavak:Katonai nevelés politikai, Hadtudomány
Online Access:http://misc.bibl.u-szeged.hu/3316
LEADER 00576nab a2200169 i 4500
001 misc3316
005 20191106141821.0
008 170607s1947 hu o 0|| hun d
040 |a SZTE Miscellanea Repozitórium  |b hun 
041 |a hun 
100 1 |a Király Béla 
245 1 0 |a Csapattiszti továbbképzés  |h [elektronikus dokumentum] /  |c  Király Béla 
260 |c 1947 
300 |a 30-34 
490 0 |a Honvéd : katonai folyóirat  |v 2 No. 2 
695 |a Katonai nevelés politikai, Hadtudomány 
856 4 0 |u http://misc.bibl.u-szeged.hu/3316/1/honved_002_002_030-034.pdf  |z Dokumentum-elérés